L'ultima seduzione /
Na minha lista:
| Outros Autores: | , , , , , |
|---|---|
| Formato: | |
| Idioma: | Língua italiana |
| Publicado em: |
[Milano] :
Ciak [distributore],
1995
|
| coleção: | I cult di Ciak. - [Milano]
|
| Tags: |
Sem tags, seja o primeiro a adicionar uma tag!
|
MARC
| LEADER | 00000ngm a22000007i 4500 | ||
|---|---|---|---|
| 001 | IT\ICCU\URB\0315649 | ||
| 003 | ItRI | ||
| 005 | 20260124182853.0 | ||
| 008 | 020829s1995 it |||||||||||||||k|||||c | ||
| 040 | |b ita | ||
| 041 | 7 | |a ita |2 ISO-639-2 | |
| 130 | 4 | |a The last seduction <film ; 1994> |3 IT\ICCU\RAV\0288095 | |
| 245 | 0 | 2 | |a L'ultima seduzione / |c diretto da John Dahl ; musiche di Joseph Vitarelli ; fotografia di Jeffrey Jur ; prodotto da Jonathan Shestack ; scritto da Steve Barancick. |
| 260 | |a [Milano] : |b Ciak [distributore], |c 1995 | ||
| 300 | |a 1 videocassetta (VHS) (ca. 111 min.) : |b color., son | ||
| 500 | |a Tit. del contenitore | ||
| 500 | |a Interpreti: Linda Fiorentino, Peter Berg | ||
| 500 | |a Produzione: USA, 1994 | ||
| 500 | |a Suppl. a: Ciak. | ||
| 700 | 1 | |a Dahl, John |0 IT\ICCU\RAVV\097323 | |
| 700 | 1 | |a Barancick, Steve |0 IT\ICCU\RAVV\099248 | |
| 700 | 1 | |a Vitarelli, Joseph |0 IT\ICCU\RAVV\099249 | |
| 700 | 1 | |a Fiorentino, Linda |0 IT\ICCU\RAVV\099250 | |
| 700 | 1 | |a Pullman, Bill |0 IT\ICCU\RAVV\099251 | |
| 700 | 1 | |a Berg, Peter, |d (1964- ) |0 IT\ICCU\UBOV\557452 | |
| 830 | 2 | |a I cult di Ciak. - [Milano] |0 IT\ICCU\UBO\1812564 | |
| 942 | |2 ddc |c VM |n 0 | ||
| 952 | |0 0 |1 0 |4 0 |6 VO_762_000000000000000 |7 0 |9 27305 |a BO |b BO |d 2026-01-24 |i 7406 |l 0 |o VO 762 |p BO7406 |r 2026-01-24 18:28:53 |w 2026-01-24 |x [Sebina 5] [1 v.] |y VM |z 1 v. | ||
| 999 | |c 23120 |d 23120 | ||